000 nam a22 a 4500
999 _c3648
_d3648
005 20170523143639.0
008 170523s1987 enka || 001 ||eng d
020 _a0134833554 (pbk) :
_c£17.95
040 _aAKMAL
082 _a657.8333 HOR
090 _a657.8333
_bHOR
100 _a Horngren, Charles T.,
_d1926
_97216
245 _aIntroduction to financial accounting.
250 _a 3rd ed /
_bCharles T. Horngren, Gary L. Sundem.
260 _aLondon :
_bPrentice-Hall International,
_cc1987
300 _a xx,795p. :
_bcol.ill. ;
_c 24cm
490 _aPrentice-Hall series in accounting
500 _aPrevious ed.: 1984.
650 _aAccounting
_95885
700 _aSundem, Gary L.
_97217
942 _2ddc
_cBOOK